LEC 2025 Rosters (LoL) - FR - Statistiques

Statistiques générales
  • Ce quiz a été pris 656 fois
    274 depuis la dernière actualisation
  • Le résultat moyen est 46 sur 64
Statistiques - réponses
Player % Correct
G2 - Mid Caps
99%
G2 - Top BrokenBlade
97%
KC - Mid Vladi
97%
KC - Top Canna
96%
G2 - Adc Hans Sama
96%
KC - Adc Caliste
95%
G2 - Jgl SkewMond
95%
G2 - Sup Labrov
94%
KC - Sup Targamas
94%
KC - Jgl Yike
94%
FNC - Adc Upset
92%
FNC - Mid Humanoid
91%
FNC - Jgl Razork
91%
RGE/NAVI - Top Adam
90%
FNC - Sup Mikyx
89%
BDS - Mid Nuc
89%
FNC - Top Oscarinin
88%
KOI - Adc Supa
88%
KOI - Mid Jojopyun
87%
[KC - Mid] Nisqy
87%
(VIT - Sup) Nisqy
87%
KOI - Sup Alvaro
86%
KOI - Jgl Elyoya
86%
GX - Jgl Isma
83%
(SK - Jgl) Isma
83%
BDS - Adc Ice
80%
VIT - Top Naak Nako
80%
VIT - Adc Carzzy
77%
GX - Adc Noah
77%
GX - Sup Jun
76%
HRT - Jgl Sheo
76%
BDS - Sup Parus
75%
RGE/NAVI - Mid Larssen
74%
KOI - Top Myrwn
74%
VIT - Jgl Lyncas
73%
GX - Mid Jackies
72%
HRT - Mid Kamiloo
72%
BDS - Jgl Boukada
71%
(SK - Jgl) Boukada
71%
(BDS - Top) Irrelevant
71%
GX - Top Lot
69%
HRT - Sup Stend
69%
RGE/NAVI - Adc Hans SamD
67%
VIT - Sup Fleshy
66%
BDS - Top Rooster
66%
(BDS - Jgl) 113
65%
(VIT - Sup) Hylissang
64%
(RGE/NAVI - Jgl) Malrang
64%
RGE/NAVI - Sup Malrang
64%
VIT - Mid Czajek
60%
(RGE/NAVI - Adc) Patrik
60%
HRT - Adc Flakked
59%
HRT - Top Carlsen
55%
SK - Sup Loopy
46%
(GX - Jgl) Closer
45%
(SK - Mid) Reeker
44%
RGE/NAVI - Jgl Thayger
43%
(SK - Top) JNX
42%
SK - Adc Keduii
36%
SK - Top Skeanz
36%
SK - Mid Abbedagge
32%
(RGE/NAVI - Sup) Execute
32%
(SK - Adc) Rahel
32%
SK - Top DnDn
31%
Aucun quiz correspondant
Distribution des résultats
% des personnes avec chaque résultat
Percentile par nombre de réponses
Votre historique - résultats
Vous n’avez pas pris ce quiz depuis la dernière actualisation